00841nam a2200229 a 4500001000900000005001700009008004100026041000800067044000800075050002100083100004200104245010100146260004200247300003900289440008100328500001100409500005900420600003400479650001000513651004500523651004300568BRL_171020190320211331.0270514s1936----nyub######---#000-0#eng-# aeng anyu 4aF1230b.P74 19361 aPrescott, William Hicklingd1796-185910aHistory of the conquest of México and history of the conquest of Perucby William H. Prescott. aNew YorkbThe Modern Libraryc[1936?] axxxvi, 1288 p.bil., mapasc21 cm. 0aThe Modern library of the world’s best books. [Modern library giants]vG29 aAu2123 aIncluye índice de la conquista de México y Perú.14aCortés, Hernánd1485-154714aIncas 4aMéxicoxHistoriayConquista, 1519-1540 4aPerúxHistoriayConquista, 1522-1548